00646nam a2200229Ia 4500008004100000020001600041100001700057245003000074245002500104245002000129260001500149260002000164260000900184300001600193300001000209500006600219650003200285650004000317650002500357650002500382700000900407160803s9999 xx 000 0 und d a0 439792134 aZullo, Allan aAmerica's most haunted :  btrue scary places /  cby Allan Zullo. aNew York : bScholastic Inc. c1997 a95 pages ;  c20 cm aOriginally published as: The ten creepiest places in America. aGhosts -- United States --  aHaunted places -- United States --  xJuvenile literature. xJuvenile literature. a1070